| 000 | 00856nam a22002297a 4500 | ||
|---|---|---|---|
| 008 | 140311t ge ||||| |||| 00| 0 eng d | ||
| 020 | _a3110301991 | ||
| 020 | _a3110302943 | ||
| 050 | 0 | 4 |
_aP165 _bC64 2013 |
| 245 | 0 | 0 |
_aCognitive linguistics and translation : _badvances in some theoretical models and applications / _cEdited by Ana Rojo and Iraide Ibarretxe-Antuñano |
| 250 | _a1a ed. | ||
| 260 |
_aBerlin; Boston : _bDe Gruyter Mouton, _c2013 |
||
| 300 |
_axxi, 419 p. : _bil. ; _c24 cm. |
||
| 440 | 0 |
_aApplications of cognitive linguistics ; _v23 |
|
| 504 | _aIncluye referencias bibliograficas e índice | ||
| 650 | 4 | _aGramatica cognoscitiva | |
| 650 | 4 |
_aTraducción e interpretación _xLengua Inglesa |
|
| 650 | 4 | _aPsicolingüistica | |
| 700 | 1 |
_aRojo, Ana, _qed. |
|
| 700 | 1 |
_aIbarretxe-Antuñano, Iraide, _qed. |
|
| 942 |
_2lcc _cLIB |
||
| 999 |
_c50265 _d50265 |
||